|
|
|
|
| LEADER |
00866nam a2200253 a 4500 |
| 001 |
2354 |
| 003 |
BD-DhAAL |
| 005 |
20150617110206.0 |
| 008 |
150617s1995 enk 001 0 eng d |
| 020 |
|
|
|a 0273607146
|
| 040 |
|
|
|a ABS
|b eng
|c ABS
|d NU
|d BD-DhAAL
|
| 050 |
|
4 |
|a HD66
|b .W547 1995
|
| 082 |
0 |
|
|a 658.3128
|2 20
|
| 100 |
1 |
|
|a Wilson, Graham.
|9 9130
|
| 245 |
1 |
0 |
|a Self-managed teamworking :
|b the flexible route to competitive advantage /
|c Graham Wilson.
|
| 260 |
|
|
|a London :
|b Pitman,
|c 1995.
|
| 300 |
|
|
|a 323 p. ;
|c 23 cm.
|
| 500 |
|
|
|a Includes index.
|
| 504 |
|
|
|a Includes bibliographical references and index.
|
| 541 |
|
|
|e 2354
|
| 650 |
|
0 |
|a Self-directed work teams.
|9 12218
|
| 942 |
|
|
|2 ddc
|c BK
|
| 999 |
|
|
|c 34765
|d 34765
|
| 952 |
|
|
|0 0
|1 0
|2 ddc
|4 0
|6 658_312800000000000_WIL
|7 0
|9 54373
|a SCL
|b SCL
|c GEN
|d 2015-06-17
|l 0
|o 658.3128 WIL
|p 3020002354
|r 2015-06-17
|t 1
|w 2015-06-17
|y BK
|